MTV Movie Award Best Villain Quiz Stats

 Plays Quiz not verified by Sporcle

Challenge
Share
Tweet
Embed
Score 0/24 Timer 11:00
0 Plays Today
Movie/Year Actor % Correct
1997-The Cable GuyJim Carrey
96.3%
1998-Austin Powers: International Man of MysteryMike Myers
96.3%
2000-Austin Powers: The Spy Who Shagged MeMike Myers
96.3%
2001-How The Grinch Stole ChristmasJim Carrey
96.3%
2009-The Dark KnightHeath Ledger
96%
2008-Sweeney Todd: The Demon Barber of Fleet StreetJohnny Depp
93.8%
2002-Training DayDenzel Washington
89.3%
2005-Dodgeball: A True Underdog StoryBen Stiller
87.9%
2007-The DepartedJack Nicholson
86%
1996-Se7enKevin Spacey
81.3%
2012-Horrible BossesJennifer Aniston
81.3%
2014-Oz the Great and PowerfulMila Kunis
72.7%
Movie/Year Actor % Correct
2004-Kill Bill Vol. 1Lucy Liu
71%
1995-SpeedDennis Hopper
68%
2013-The AvengersTom Hiddleston
67.1%
1999-There's Something About MaryMatt Dillon
65.8%
2006-Star Wars Episode III: Revenge of the SithHayden Christensen
65.8%
2010-Harry Potter & the Half-Blood PrinceTom Felton
51.5%
2011-Harry Potter & the Deathly Hallows Part ITom Felton
51.5%
1994-The CrushAlicia Silverstone
46.7%
1992-The Hand That Rocks the Cradle Rebecca De Mornay
44.1%
1993-Single White FemaleJennifer Jason Leigh
44.1%
1999-BladeStephen Dorff
36%
2003-The RingDaveigh Chase
21.7%

You're not logged in!

Compare scores with friends on all Sporcle quizzes.
OR
Log In

You Might Also Like...

Show Comments

Extras

Top Quizzes Today


Score Distribution

Your Account Isn't Verified!

In order to create a playlist on Sporcle, you need to verify the email address you used during registration. Go to your Sporcle Settings to finish the process.

Report this User

Report this user for behavior that violates our Community Guidelines.

Details: